Central Library OPAC University of Rajshahi

Intellectual property / (Record no. 81631)

MARC details
000 -LEADER
fixed length control field 00799nam a2200253 a 4500
001 - CONTROL NUMBER
control field 81631
003 - CONTROL NUMBER IDENTIFIER
rucl marc code BD-RjUL
005 - DATE AND TIME OF LATEST TRANSACTION
control field 20230802143817.0
008 - FIXED-LENGTH DATA ELEMENTS--GENERAL INFORMATION
fixed length control field 230802s2012 enka b 001 0 eng
020 ## - INTERNATIONAL STANDARD BOOK NUMBER
International Standard Book Number 9781408229286 (pbk.)
035 ## - SYSTEM CONTROL NUMBER
System control number (BD-RjUL)81631
040 ## - CATALOGING SOURCE
Original cataloging agency DLC
Transcribing agency DLC
Modifying agency DLC
-- BD-RjUL
Language of cataloging eng
041 ## - LANGUAGE CODE
Language code of text/sound track or separate title eng
082 00 - DEWEY DECIMAL CLASSIFICATION NUMBER
Edition number 22
Classification number 346.41048
Author mark and year BAI 2012
100 1# - MAIN ENTRY--PERSONAL NAME
Personal name Bainbridge, David I.
9 (RLIN) 8200
245 10 - TITLE STATEMENT
Title Intellectual property /
Statement of responsibility, etc. David Bainbridge.
250 ## - EDITION STATEMENT
Edition statement 9th ed.
260 ## - PUBLICATION, DISTRIBUTION, ETC. (IMPRINT)
Place of publication, distribution, etc. Harlow, England ;
-- New York :
Name of publisher, distributor, etc. Longman Pearson,
Date of publication, distribution, etc. 2010.
300 ## - PHYSICAL DESCRIPTION
Pagination lxi, 932 p. :
Illustrations ill. (chiefly col.) ;
Size 25 cm.
504 ## - BIBLIOGRAPHY, ETC. NOTE
Bibliography, etc Includes bibliographical references (p. 913-915) and index.
650 #0 - SUBJECT ADDED ENTRY--TOPICAL TERM
Topical term or geographic name as entry element Intellectual property
Geographic subdivision Great Britain.
9 (RLIN) 8201
942 ## - ADDED ENTRY ELEMENTS (KOHA)
Source of classification or shelving scheme Dewey Decimal Classification
Koha item type Books
Holdings
Lost status Source of classification or shelving scheme Damaged status Not for loan Collection code Permanent Location Current Location Shelving location Date acquired Source of acquisition Cost, normal purchase price Total Checkouts Full call number Date last seen Copy number Koha item type
  Dewey Decimal Classification   Not For Loan Non-fiction Central Library, University of Rajshahi Central Library, University of Rajshahi Reading Room 24/05/2023 Dhaka: Omni Concept 5880.00   346.41048 BAI 2012 02/08/2023 C-1 Books
  Dewey Decimal Classification     Non-fiction Central Library, University of Rajshahi Central Library, University of Rajshahi General Stacks 24/05/2023 Dhaka: Omni Concept 5880.00   346.41048 BAI 2012 02/08/2023 C-2 Books